[Event "COL-ch"]
[Site "Cartagena"]
[Date "2023.06.10"]
[Round "6"]
[White "Varela Sanchez, David Yoel"]
[Black "Sarmiento Miranda, Juan Carlos"]
[Result "1-0"]
[WhiteElo "1414"]
[BlackElo "1824"]
[PlyCount "87"]
[EventDate "2023.06.08"]
[EventType "swiss"]
[EventRounds "9"]
[EventCountry "COL"]
[SourceTitle "CBM 215 Extra"]
[Source "ChessBase"]
[SourceDate "2023.09.30"]
[SourceVersion "1"]
[SourceVersionDate "2023.09.30"]
[SourceQuality "1"]

1. e4 e5 2. Nf3 Nc6 3. d4 exd4 4. Nxd4 Bc5 5. Nb3 Bb6 6. Nc3 Qf6 7. Qe2 Nge7 8. Be3 0-0 9. 0-0-0 Ng6 10. f3 Nf4 11. Qd2 Bxe3 12. Qxe3 Ne7 13. g3 Ne6 14. e5 Qg5 15. f4 Qh6 16. Bd3 b6 17. Be4 Rb8 18. Kb1 Rd8 19. Qf2 Bb7 20. Bxb7 Rxb7 21. f5 Nc5 22. Nd4 d6 23. f6 gxf6 24. exf6 Ng6 25. h4 Ne5 26. g4 Kf8 27. g5 Qh5 28. Nf5 Qf3 29. Qxf3 Nxf3 30. Rh3 Ne5 31. Re3 Ne6 32. Ng7 Rbb8 33. Nxe6+ fxe6 34. Nb5 c6 35. Nxd6 Nf7 36. Rxe6 Rd7 37. Rd3 Rbd8 38. Nxf7 Rxd3 39. cxd3 Kxf7 40. Rxc6 Rxd3 41. Rc4 Rd2 42. Rc7+ Kg6 43. Rg7+ Kf5 44. Rxh7 1-0

[Event "COL-ch"]
[Site "Cartagena"]
[Date "2023.06.09"]
[Round "4"]
[White "Mercado Florez, Diego Armando"]
[Black "Sarmiento Miranda, Juan Carlos"]
[Result "0-1"]
[WhiteElo "1026"]
[BlackElo "1824"]
[PlyCount "46"]
[EventDate "2023.06.08"]
[EventType "swiss"]
[EventRounds "9"]
[EventCountry "COL"]
[SourceTitle "CBM 215 Extra"]
[Source "ChessBase"]
[SourceDate "2023.09.30"]
[SourceVersion "1"]
[SourceVersionDate "2023.09.30"]
[SourceQuality "1"]

1. e4 e5 2. Nf3 Nf6 3. Nc3 Nc6 4. d4 exd4 5. Nxd4 Bb4 6. Nxc6 bxc6 7. Bd2 0-0 8. Bd3 Re8 9. Qe2 d5 10. 0-0 Bxc3 11. Bxc3 Nxe4 12. Rfe1 Bd7 13. Qh5 g6 14. Qh6 Nxc3 15. bxc3 Qf6 16. h3 Qxc3 17. Rxe8+ Rxe8 18. Kh2 Qxa1 19. h4 Re1 20. g3 Rh1+ 21. Kg2 Bg4 22. Qxh7+ Kxh7 23. Bxg6+ Kxg6 0-1

[Event "La Guajira-ch"]
[Site "Maicao"]
[Date "2023.03.17"]
[Round "17"]
[White "Larrada Roa, Hassid"]
[Black "Sarmiento Miranda, Juan Carlos"]
[Result "1-0"]
[WhiteElo "1960"]
[BlackElo "1651"]
[PlyCount "67"]
[EventDate "2023.03.16"]
[EventType "tourn (rapid)"]
[EventRounds "17"]
[EventCountry "COL"]
[SourceTitle "CBM 213 Extra"]
[Source "ChessBase"]
[SourceDate "2023.05.31"]
[SourceVersion "1"]
[SourceVersionDate "2023.05.31"]
[SourceQuality "1"]

1. d4 Nf6 2. Bf4 e6 3. Nc3 d5 4. f3 Bd6 5. Bg3 Nc6 6. e3 0-0 7. Bd3 e5 8. Nge2 Re8 9. 0-0 exd4 10. exd4 Nb4 11. Bh4 c6 12. a3 Nxd3 13. Qxd3 Qc7 14. Bxf6 Bxh2+ 15. Kh1 gxf6 16. f4 Qd7 17. Kxh2 Qg4 18. Qg3 f5 19. Qxg4+ fxg4 20. Rae1 Bf5 21. Ng3 Bxc2 22. Re5 f6 23. Rxe8+ Rxe8 24. Rc1 Bb3 25. Kg1 Bc4 26. Kf2 Kg7 27. Re1 Rxe1 28. Kxe1 Kg6 29. Nge2 h5 30. g3 h4 31. gxh4 Kh5 32. Kf2 Kxh4 33. Ng3 Bd3 34. Nd1 1-0

[Event "La Guajira-ch"]
[Site "Maicao"]
[Date "2023.03.17"]
[Round "10"]
[White "Manotas Martinez, Hector Manuel"]
[Black "Sarmiento Miranda, Juan Carlos"]
[Result "1-0"]
[WhiteElo "1914"]
[BlackElo "1651"]
[PlyCount "55"]
[EventDate "2023.03.16"]
[EventType "tourn (rapid)"]
[EventRounds "17"]
[EventCountry "COL"]
[SourceTitle "CBM 213 Extra"]
[Source "ChessBase"]
[SourceDate "2023.05.31"]
[SourceVersion "1"]
[SourceVersionDate "2023.05.31"]
[SourceQuality "1"]

1. d4 Nf6 2. Bf4 c5 3. e3 e6 4. Nd2 Nc6 5. c3 Qb6 6. Rb1 d5 7. Ngf3 Bd7 8. Bd3 Ne7 9. Qe2 Ng6 10. Bg3 Bd6 11. 0-0 0-0 12. Rfe1 cxd4 13. exd4 Nh5 14. Bxg6 hxg6 15. Ne5 Nxg3 16. hxg3 Bxe5 17. Qxe5 Rac8 18. Qf4 Qa6 19. a3 Qd3 20. Nf3 f6 21. Rbd1 Qc4 22. g4 g5 23. Qg3 Kf7 24. Nd2 Qb5 25. Rb1 b6 26. Nf3 Qa6 27. Nd2 Rc7 28. Qxc7 1-0